Tuần báo Giác Ngộ /
保存先:
| 団体著者: | |
|---|---|
| フォーマット: | 雑誌 |
| 言語: | Vietnamese |
| 出版事項: |
TP.Hồ Chí Minh:
Thành Hội Phật Giáo TP. Hồ Chí Minh,
199..
|
| タグ: |
タグ追加
タグなし, このレコードへの初めてのタグを付けませんか!
|
| Thư viện lưu trữ: | Thư viện Trường Đại học Đà Lạt |
|---|
| LEADER | 00605nam a2200217 4500 | ||
|---|---|---|---|
| 001 | DLU040026219 | ||
| 040 | # | # | |a dlu |b vie |
| 041 | # | # | |a vie |
| 245 | # | # | |a Tuần báo Giác Ngộ / |c Thành Hội Phật Giáo TP. Hồ Chí Minh. |
| 260 | # | # | |a TP.Hồ Chí Minh: |b Thành Hội Phật Giáo TP. Hồ Chí Minh, |c 199.. |
| 300 | # | # | |a v.; |c 27cm. |
| 310 | # | # | |a Hàng tuần |
| 710 | # | # | |a Thành Hội Phật Giáo TP. Hồ Chí Minh |
| 994 | # | # | |a DLU |
| 900 | # | # | |a True |
| 911 | # | # | |a Lê Thị Mạnh Xuân |
| 925 | # | # | |a G |
| 926 | # | # | |a A |
| 927 | # | # | |a TT |
| 980 | # | # | |a Thư viện Trường Đại học Đà Lạt |